000 00554nam a2200193 i 4500
001 121068
003 ES-MaACL
005 20250727033929.0
007 t|
008 070214s1932 sp |||| | spa d
100 1 _aPreobrazhenskii, E. A.
_993767
245 1 0 _aAnarquismo y comunismo /
_cE. A. Preobrazhenskii.
260 _aBarcelona :
_bEuropa-América,
_c1932.
300 _a198 p. ;
_c20 x 14 cm.
650 7 _aAnarquismo
_2embne
_99783
650 7 _aComunismo
_2embne
_911211
852 _aES-MaACL
_jA-1067
999 _c121068
_d121068